| 000 | 02180cam a22005414i 4500 | ||
|---|---|---|---|
| 003 | PE-LiUPU | ||
| 005 | 20250731180134.0 | ||
| 008 | 150625s r 000 0 d | ||
| 020 | _a9788434480728 | ||
| 035 | _a(Sirsi) i9788434480728 | ||
| 040 |
_aPE-LiUPU _bspa _cPE-LiUPU _erda |
||
| 049 | _aPRUA | ||
| 082 | 0 | 4 |
_a526.8 _bC99 _221 |
| 100 | 1 |
_aChuvieco, Emilio, _eautor. |
|
| 245 | 1 | 0 |
_aTeledetección ambiental : _bla observación de la tierra desde el espacio / _cEmilio Chuvieco. |
| 250 | _a3a. | ||
| 264 | 1 |
_aBarceloa : _bAriel, _c2007. |
|
| 300 |
_a586 páginas : _bilustraciones,;esquemas, cuadros ; _c24 centímetros |
||
| 300 | _aCD-ROM | ||
| 336 |
_atext _2rdacontent |
||
| 337 |
_aunmediated _2rdamedia |
||
| 338 |
_avolume _2rdacarrier |
||
| 504 | _aIncluye referencias bibliográficas. | ||
| 505 | 0 | _aLa obtención de la imagen. Nociones introductorias. -Principios físicos de la teledetección. -Sensores y satélites de teledetección. -La interpretación de los datos. -Base para la interpretación de imágenes de teledetención. -Interpretación visual de imágenes. -Análisis digital de imágenes: correcciones y realce. -Análisis de imágenes: extracción de información temática. -Verificación de resultados. -Teledetección y sistemas de información geográfica. | |
| 526 | _aSEG44 | ||
| 526 | _aSEG26 | ||
| 526 | _aP159 | ||
| 526 | _aP155 | ||
| 526 | _aP154 | ||
| 526 | _aP153 | ||
| 526 | _aP150 | ||
| 526 | _aP100 | ||
| 526 | _aP31 | ||
| 526 | _aP30 | ||
| 526 | _aP26 | ||
| 526 | _aP25 | ||
| 526 | _aP24 | ||
| 526 | _aP22 | ||
| 526 | _aP15 | ||
| 526 | _aP10 | ||
| 541 | _g015-009039; | ||
| 650 | 0 | 4 | _aTeledetección. |
| 942 |
_2ddc _cBOOK |
||
| 949 |
_a526.8 C99 _wDEWEY _c1 _i57843 _lCCODEBUL1 _mBUL _p127.00 _r0 _sY _tBOOK _u2015-6-25 _xINGENIERIA _PP24 _0COMPRA _o.STAFF. Colección General |
||
| 994 |
_aC0 _bPEPRU |
||
| 596 | _a1 | ||
| 999 |
_a526.8 C99 _wDEWEY _c46836 _i57843 _f2021-11-5 _g7 _lCCODEBUL1 _mBUL _p127.00 _r0 _sN _tBOOK _u2015-6-25 _xBIBLIOTECA _PP24 _0COMPRA _o.STAFF. Colección General _d46836 |
||
| 980 |
_81 _gALBERTO SANCHEZ Responsable de Automatización |
||